| 000 | 02047ncm0a2200397 4500 | ||
|---|---|---|---|
| 001 | RU\NLR\ONIZ\222779 | ||
| 005 | 20250626094656.0 | ||
| 013 | _a979-0-66004-078-2 | ||
| 035 | _a(NLR Aleph) 011590761 | ||
| 071 | 2 | 0 | _aс 4078 к |
| 090 |
_a10836773 _c10836773 |
||
| 100 | _a20171215d2005 |||y0rusy50 ca | ||
| 101 | 0 |
_aeng _arus |
|
| 102 | _aRU | ||
| 125 | _aab | ||
| 128 | _aco | ||
| 145 | 0 | _ab | |
| 200 | 1 |
_aКонцерт _bНоты _dConcerto _eдля скрипки и органа _zeng _fВ. Волошинов _gред. И. Браудо |
|
| 208 | _a[Партитура, партия] | ||
| 210 |
_aСанкт-Петербург _cКомпозитор _d2005 |
||
| 215 |
_a87 c., 1 парт. _d29 см |
||
| 313 | _aСистематизация документа проведена по изданию - Методика классифицирования музыкальных произведений (нотных изданий) по таблицам Библиотечно-библиографических классификаций : метод. рекомендации / Гос. б-ка СССР им. В.И. Ленина.- М., 1977. Индексу ББК методических рекомендаций присваивается код ББК для научных библиотек - LBC/SL | ||
| 606 | 1 |
_aМузыка для скрипки и органа _yРоссия _z20 в. _jНоты _2nlr_sh |
|
| 606 | 1 |
_aКонцерты для скрипки и органа _yСССР _z20 в. _jНоты _2nlr_sh |
|
| 686 |
_aЩ955.4-43-042(2Р)Пг _vLBC/SL _2rubbk |
||
| 686 |
_aЩ955.4-042(2Р)Пг _vLBC/SL _2rubbk |
||
| 700 | 1 |
_9z02790 _aВолошинов _bВ. В. _f1905-1960 _gВиктор Владимирович _4230 _7ca |
|
| 790 | 1 |
_9z02700 _aVoloshinov _bV. _f1905-1960 _gViktor _4230 _7ba |
|
| 801 | 0 |
_aRU _bNLR _c20171215 _gPSBO |
|
| 801 | 1 |
_aRU _bNLR _c20171215 _2rusmarc |
|
| 801 | 2 |
_aRU _bNLR _c20180111 |
|
| 852 |
_aNLR _bМ _jК-3/29233 _p259544 _t1 |
||
| 942 | _cSCORE | ||
| 980 | _aNB | ||
| 980 | _aONIZ | ||